| 000 | 00506nam a2200181Ia 4500 | ||
|---|---|---|---|
| 008 | 180921t2014 xxu||||| |||| 00| 0 sin d | ||
| 041 | _asin | ||
| 080 |
_a8C2 _bTHA |
||
| 100 | _aThagoor,Rabeendranath | ||
| 245 | _aකළුවර කාමරයේ රජ්ජුරුවෝ | ||
| 246 | _aKaluwara Kamaraye Rajjuruvo | ||
| 260 |
_bGodage _aColombo _c2014 |
||
| 300 | _b64p, 21cm | ||
| 700 |
_aMadurasiri Jayawardhana _etr. |
||
| 942 | _cBK | ||
| 999 |
_c5612 _d5612 |
||
| 003 | LK-CoDNM | ||
| 040 |
_aLK-CoDNM _dLK-CoDNM _eLK-CoDNM |
||